000 01060nas a2200313 4500
001 BR9208574
003 BR-BrBNA
005 20231205093126.0
007 ta
008 230509b bl.|||p| |||| 00| 00por d
040 _aBR-BrBNA
_bpor
_cBiblioteca Nacional de Agricultura
041 _a(Pt)
072 _aH10
100 1 _aSato, O.
100 1 _aLenzi, E.A.
100 1 _aFukuda, L.K.
100 1 _aMezzon, A.
100 1 _aMoreira, P.M.
245 1 _aEfeito do inseticida thiodicarb (Larvin 375)usado em tratamento de sementes do milho (Zea mays L.)sobre lagartas elasmo Elasmopalpus lignosellus (Zeller, 1848), lagarta rosca Agrotis ipsilon (Hufnagel, 1776)e lagarta militar Spodoptera frugiperda (J.E. Smith, 1797)
650 _aMILHO
650 _aLAGARTA DO COLO
650 _aLAGARTA ROSCA
650 _aLAGARTA MILITAR
650 _aINSETICIDA
650 _aCONTROLE QUIMICO
773 0 _tPoliagro (Brazil)
_xISSN 0100-3461
_g(1985), v. 7(1) p. 1-10
_wBR9208574
909 _a202311
_bLúcia
_c55
_dLúcia Elande
942 _2AGRIS
_n0
_cANA
999 _c136368
_d136368